| 000 | 00332nam a2200109Ia 4500 | ||
|---|---|---|---|
| 008 | 171204s9999 xx 000 0 und d | ||
| 245 | 4 | _aThe Family Kitchen: A cookbook for all occasions | |
| 245 | _cRob Kirby | ||
| 260 | _c2014 | ||
| 650 | _xCulinary Arts & Sciences with Lab | ||
| 856 | _uhttp://down.ebook777.com/043/1906650977.pdf | ||
| 999 |
_c346765 _d346765 |
||